000
00327nam a2200133Ia 4500
008
210210b1975 xxu||||| |||| 00| 0 eng d
082
_a
338.954 SUNI
100
_a
SUNDHARAM (K P M).
245
_a
Indian economy.
260
_a
Delhi
_b
Ram Chand & Co
_c
1975
300
_a
xii,527
690
_a
Indian Economics
906
_a
031689
999
_c
82771
_d
82771